000 00401nam a2200145Ia 4500
008 211109s9999||||xx |||||||||||||| ||und||
082 _a519.5
_bARB-P
100 _aArby, Niels
245 0 _aProbability Abd Statistics
260 _bNATIONAL BOOKSTALL
_aKottayam
_c1956
300 _a238p.
630 _xGeneral Stack
650 _amathematics
_vprobabilitystatisticsscience
_xGeneralia
942 _cBOOK
999 _c18411
_d18411